Levanta, Magdalena (Record no. 115351)

MARC details
000 -LEADER
campo de control de longitud fija 00732nam a2200217 i 4500
001 - NÚMERO DE CONTROL
campo de control 115351
003 - IDENTIFICADOR DE NÚMERO DE CONTROL
campo de control ES-MaACL
005 - FECHA Y HORA DE LA ÚLTIMA TRANSACCIÓN
campo de control 20250825062548.0
007 - CAMPO FIJO DE DESCRIPCIÓN FÍSICA--INFORMACIÓN GENERAL
campo de control de longitud fija t|
008 - DATOS DE LONGITUD FIJA--INFORMACIÓN GENERAL
campo de control de longitud fija 070307s1929 sp ||||1| spa d
080 ## - NÚMERO DE LA CLASIFICACIÓN DECIMAL UNIVERSAL
Número de la Clasificación Decimal Universal 821.134.2-23"s.XX"
100 1# - ENTRADA PRINCIPAL--NOMBRE DE PERSONA
Nombre de persona Baena, Carlos M.
9 (RLIN) 24582
245 10 - MENCIÓN DEL TÍTULO
Título Levanta, Magdalena
Resto del título : comedia en tres actos, en prosa /
Mención de responsabilidad, etc. Carlos M. Baena.
260 ## - PUBLICACIÓN, DISTRIBUCIÓN, ETC.
Lugar de publicación, distribución, etc. Madrid :
Nombre del editor, distribuidor, etc. Prensa Moderna,
Fecha de publicación, distribución, etc. 1929.
300 ## - DESCRIPCIÓN FÍSICA
Extensión 72 p. ;
Dimensiones 17 cm.
490 1# - MENCIÓN DE SERIE
Mención de serie El Teatro moderno ;
Designación de volumen o secuencia 214
500 ## - NOTA GENERAL
Nota general Estrenada, con éxíto extraordinario, en el Teatro Eslava, de Madrid, la noche de septiembre de 1929.
830 03 - PUNTO DE ACCESO ADICIONAL DE SERIE-TÍTULO UNIFORME
Título uniforme El teatro moderno (Prensa Moderna)
Designación de volumen o secuencia 214
9 (RLIN) 182365
852 ## - LOCALIZACIÓN
Ubicación ES-MaACL
Número de control de estantería C-13082
Holdings
Estatus retirado Estado de pérdida Estado de daño No para préstamo Biblioteca de origen Biblioteca actual Ubicación en estantería Fecha de adquisición Fuente de adquisición Total de préstamos Signatura topográfica completa Código de barras Visto por última vez Precio de reemplazo Tipo de ítem Koha
        Biblioteca del Ateneo de Madrid Biblioteca del Ateneo de Madrid Sala Palomar 17/01/2008     C-13082 1120276 23/02/2023 23/02/2023 Libro impreso